| 000 | 00494nam a2200181 a 4500 | ||
|---|---|---|---|
| 005 | 20141022142001.0 | ||
| 008 | 110118s19uu xx 00 eng d | ||
| 020 | _a9781433804571 | ||
| 050 |
_aDVD _bAn8 2009 |
||
| 100 | _aAntony, Martin M. | ||
| 245 | _aBehavioral Therapy over time. | ||
| 260 |
_bAPA, _c2009. |
||
| 440 | _aSeries VIII-Psychotherapy in six sessions | ||
| 650 | _aBehavioral therapy. | ||
| 650 | _aTherapy-Treatment. | ||
| 650 | _aTreatment-Psychology. | ||
| 942 | _cAVM | ||
| 999 |
_c276297 _d276297 |
||